<?xml version='1.0' encoding='UTF-8'?>
  <record xmlns="http://www.loc.gov/MARC21/slim">
    <leader>00000cam a2200000 i 4500</leader>
    <controlfield tag="001">ocm63874712</controlfield>
    <controlfield tag="003">OCoLC</controlfield>
    <controlfield tag="005">20251108003450.5</controlfield>
    <controlfield tag="008">840207s1861    ne            000 0 dut d</controlfield>
    <datafield tag="040" ind1=" " ind2=" ">
      <subfield code="a">NLGGC</subfield>
      <subfield code="b">dut</subfield>
      <subfield code="e">fobidrtb</subfield>
      <subfield code="c">NLGGC</subfield>
      <subfield code="d">OCLCO</subfield>
      <subfield code="d">OCLCL</subfield>
      <subfield code="d">OCLCQ</subfield>
    </datafield>
    <datafield tag="029" ind1="0" ind2=" ">
      <subfield code="a">NLGGC</subfield>
      <subfield code="b">840288379</subfield>
    </datafield>
    <datafield tag="035" ind1=" " ind2=" ">
      <subfield code="a">(OCoLC)63874712</subfield>
    </datafield>
    <datafield tag="100" ind1="1" ind2=" ">
      <subfield code="a">Oorte, P.W. van.</subfield>
    </datafield>
    <datafield tag="245" ind1="1" ind2="0">
      <subfield code="a">Lijkrede op Mgr. C. Broere, eere-kamerheer van Z. H. Paus Pius IX, kanunnik der kathedrale kerk van Haarlem, hoogleeraar aan het seminarie te Warmond en Ridder der orde van den Nederlandschen leeuw :</subfield>
      <subfield code="b">gehouden in de kapel van het seminarie Hageveld, den 30en Januarij 1861 /</subfield>
      <subfield code="c">door P.W. van Oorte.</subfield>
    </datafield>
    <datafield tag="246" ind1="3" ind2=" ">
      <subfield code="a">Lijkrede op Mgr. C. Broere, eere-kamerheer van Z. H. Paus Pius 9, kanunnik der kathedrale kerk van Haarlem, hoogleeraar aan het seminarie te Warmond en Ridder der orde van den Nederlandschen leeuw</subfield>
    </datafield>
    <datafield tag="260" ind1=" " ind2=" ">
      <subfield code="a">Amsterdam :</subfield>
      <subfield code="b">Lenfring,</subfield>
      <subfield code="c">1861.</subfield>
    </datafield>
    <datafield tag="300" ind1=" " ind2=" ">
      <subfield code="a">27 p. ;</subfield>
      <subfield code="c">22 cm.</subfield>
    </datafield>
    <datafield tag="336" ind1=" " ind2=" ">
      <subfield code="a">tekst</subfield>
      <subfield code="b">txt</subfield>
      <subfield code="2">rdacontent/dut</subfield>
    </datafield>
    <datafield tag="337" ind1=" " ind2=" ">
      <subfield code="a">zonder medium</subfield>
      <subfield code="b">n</subfield>
      <subfield code="2">rdamedia/dut</subfield>
    </datafield>
    <datafield tag="338" ind1=" " ind2=" ">
      <subfield code="a">band</subfield>
      <subfield code="b">nc</subfield>
      <subfield code="2">rdacarrier/dut</subfield>
    </datafield>
    <datafield tag="530" ind1=" " ind2=" ">
      <subfield code="a">Ook beschikbaar in microvorm.</subfield>
    </datafield>
    <datafield tag="530" ind1=" " ind2=" ">
      <subfield code="a">Titel is geselecteerd voor digitalisering voor de Universiteit van Leiden in het kader van het Google Books-project.</subfield>
    </datafield>
    <datafield tag="600" ind1="1" ind2="4">
      <subfield code="a">Broere, C.</subfield>
      <subfield code="q">(Cornelis),</subfield>
      <subfield code="d">1803-1860.</subfield>
      <subfield code="0">(NL-LeOCL)068368399</subfield>
    </datafield>
    <datafield tag="758" ind1=" " ind2=" ">
      <subfield code="a">Lijkrede op Mgr. C. Broere, eere-kamerheer van z.h. paus Pius IX, kanunnik der kathedrale kerk van Haarlem, hoogleeraar aan het seminarie te Warmond en ridder der orde van den Nederlandschen Leeuw (Text)</subfield>
      <subfield code="1">https://id.oclc.org/worldcat/entity/E39PCXCktwFHFjpr4BqvGpKRgC</subfield>
      <subfield code="4">https://id.oclc.org/worldcat/ontology/hasWork</subfield>
    </datafield>
    <datafield tag="776" ind1="0" ind2=" ">
      <subfield code="t">Lijkrede op Mgr. C. Broere, eere-kamerheer van Z. H. Paus Pius 9, kanunnik der kathedrale kerk van Haarlem, hoogleeraar aan het seminarie te Warmond en Ridder der orde van den Nederlandschen leeuw</subfield>
      <subfield code="w">(NL-LeOCL)411764926</subfield>
    </datafield>
    <datafield tag="936" ind1=" " ind2=" ">
      <subfield code="a">BATCHLOAD</subfield>
    </datafield>
  </record>